000 01301cab a2200265 4500
001 X3514
008 090401t1996 xxu||||| |||| 00| 0 eng d
035 _a(Sirsi) u30935
041 _aeng
245 _aSouth Australia Asset Management Corporation v York Montague ; United Bank of Kuwait Plc v Prudential Property Services Ltd ; Nykredit Mortgage Bank Plc v Edward Erdman Group Ltd
260 _c1996
350 _a0
490 _aWeekly Law Reports
_v[1996] 3 WLR 87-104(18)
520 _aHL 20 June 1996. Damages - measure of damages - surveyor`s report - plaintiff`s lending money on basis of surveyor`s negligent valuation - subsequent general fall in property market and default by borrowers in repayment of loans - plaintiffs obtaining possession and selling properties at price below valuation - whether loss attributable to market fall recoverable. (HEADNOTE FROM JOURNAL)
650 _aFALLING MARKET
650 _aFALLING VALUES
650 _aNEGLIGENCE
650 _aNYKREDIT MORTGAGE BANK PLC V EDWARD ERDMAN GROUP
650 _aSOUTH AUSTRALIA ASSET MANAGEMENT CORPORATION V YORK MONTAGUE
650 _aUNITED BANK OF KUWAIT PLC V PRUDENTIAL PROPERTY SERVICES LTD
650 _aVALUERS
690 _aRATING AND VALUATION-CASE LAW
942 _n0
948 _c04/03/1997
999 _c20821
_d20821